مكتبة جامعة عجلون الوطنية

فهرس بحث المكتبة

Normal view MARC view
  • عبيدات، ذوقات/ م مشارك كايد عبد الحق

Entry Personal Name

Number of records used in: 1

001 - CONTROL NUMBER

  • control field: 42975

003 - CONTROL NUMBER IDENTIFIER

  • control field: JO-AjAnu

005 - DATE AND TIME OF LATEST TRANSACTION

  • control field: 20230606081127.0

008 - FIXED-LENGTH DATA ELEMENTS

  • fixed length control field: 230606|| aca||aabn | a|a d

040 ## - CATALOGING SOURCE

  • Original cataloging agency: JO-AjAnu
  • Transcribing agency: JO-AjAnu

100 ## - HEADING--PERSONAL NAME

  • Personal name: عبيدات، ذوقات/ م مشارك كايد عبد الحق

670 ## - SOURCE DATA FOUND

  • Source citation: Work cat.: (JO-AjAnu)22009: عبيدات، ذوقات/ م مشارك كايد عبد الحق , author, البحث العلمي مفهومة وادواته واساليبه